My Favorite Actors - Statistics

General Stats
  • This quiz has been taken 15 times
  • The average score is 10 of 16
Answer Stats
Picture Answer % Correct
Bruce Willis
100%
Johnny Depp
100%
John Travolta
100%
Jim Carrey
93%
Keanu Reeves
93%
Samuel L. Jackson
87%
Natalie Portman
80%
Uma Thurman
80%
Helena Bonham Carter
67%
Winona Ryder
67%
Dakota Johnson
40%
Neve Campbell
27%
Oscar Isaac
27%
Anya Taylor-Joy
20%
Michael Madsen
20%
Kat Dennings
13%
No matching quizzes found
Score Distribution
Percent of People with Each Score
Percentile by Number Answered
Your Score History
You have not taken this quiz